[Event "Sofia MTel Masters 1st"]
[Site "Sofia"]
[Date "2005.05.16"]
[Round "5"]
[White "Anand, Viswanathan"]
[Black "Adams, Michael"]
[Result "1/2-1/2"]
[WhiteElo "2785"]
[BlackElo "2737"]
[Annotator "Stohl,I"]
[PlyCount "107"]
[EventDate "2005.05.12"]
[EventType "tourn"]
[EventRounds "10"]
[EventCountry "BUL"]
[EventCategory "20"]
[SourceTitle "CBM 107"]
[Source "ChessBase"]
[SourceDate "2005.08.01"]
[SourceVersion "1"]
[SourceVersionDate "2005.08.01"]
[SourceQuality "1"]

1. Nf3 Nf6 2. c4 e6 3. Nc3 c5 4. g3 b6 5. Bg2 Bb7 6. O-O Be7 7. d4 cxd4 8. Qxd4
d6 9. Bg5 {Adams had to face this move last year against Kasparov and Anand
had probably prepared some minor improvement later on. However, this riskless
alternative can hardly give White more than a slight initiative, which tends
to evaporate gradually after sensible defensive play.} a6 10. Bxf6 Bxf6 11. Qf4
O-O 12. Rfd1 Be7 13. Ne4 Bxe4 14. Qxe4 Ra7 15. Nd4 Qc8 ({Adams is the first to
deviate from the aforementioned game. The main and slightly more popular
alternative to the text-move is} 15... Rc7 16. b3 Rc5 17. a4 Qc7 18. Qb1 (18.
Ra2 Rc8 19. Rad2 Bf8 20. e3 Nd7 21. Qb7 Rb8 22. Qxc7 Rxc7 23. Ra2 g6 24. Kf1
Nc5 25. Rb1 Bg7 26. Ke2 Kf8 27. h4 Bxd4 $6 (27... d5 $5 28. cxd5 exd5 {[%cal
Yc5e4] /\Ne4<=>}) 28. exd4 Nd7 29. Kd3 e5 30. a5 $1 b5 31. cxb5 Rxb5 32. b4 {
[%csl Ra6] _|_,><a6,Brook,O-Ward,C/Oakham/1988/}) 18... Nd7 19. e3 (19. Ra2 Nf6
20. Nc2 Rd8 21. Nb4 Qc8 22. Nd3 Rc7 23. Rc1 d5 24. cxd5 Rxc1+ 25. Qxc1 Qxc1+
26. Nxc1 Nxd5 $11 {Pigusov,E-Aseev,K/Vilnius/1984/}) 19... Qc8 (19... Nf6 $142
$5 {/\d5=}) 20. Ra2 Nf6 21. Rc2 a5 22. Rcd2 $5 {This is slightly more natural
than Kasparov's choice.} (22. Rdd2 Rd8 23. Nb5 g6 24. Qd1 Ne8 25. Bf3 Qd7 26.
Rd3 Nc7 27. Rcd2 Nxb5 28. axb5 Bf8 $11 {Kasparov,G-Adams,M/ARM-ROW Moscow/2004/
}) 22... d5 $5 (22... Rd8 {transposes into another practical example:} 23. e4 (
23. Nb5 $5 $14) 23... Ne8 24. Qd3 g6 25. Qe2 Nc7 26. Nc2 Re8 27. Ne3 Rf8 28. h3
Qe8 29. Kh2 $14 {()} f5 $6 30. f4 Qf7 31. exf5 gxf5 32. Rxd6 $1 Bxd6 33. Rxd6
$44 {|^,Cifuentes Parada,R-Van der Werf,M/Wijk aan Zee op/1995/}) 23. cxd5 Nxd5
24. Nf5 exf5 25. Bxd5 $14 {/=}) 16. b3 Bf6 (16... Re8 17. a4 Qc5 18. Ra2 Bf6
19. Rad2 Rc7 20. Qb1 Be7 21. b4 Qh5 22. b5 $1 $36 {Kasparov} (22. Rc2 Rec8 $11
{Karpov,A-Kasparov,G/Moscow-4teams/1981/})) (16... Rc7 17. a4 Re8 18. Ra2 Nd7
$2 19. a5 $1 Nc5 20. Qb1 bxa5 21. Rxa5 Bf6 22. e3 Qd7 23. b4 Rb8 24. Qb2 Nb7
25. Bxb7 Rcxb7 26. Rxa6 $16 {Zifroni,D-Bar,R/ISR-chT/2002/, /\} Rxb4 27. Qxb4
$1 Rxb4 28. Ra8+ Bd8 29. Nc6 $18) 17. e3 $146 {A prophylactic move, by giving
the N extra protection White discourages ideas as} (17. a4 Rd8 18. Qe3 Qc5 19.
Ra2 Bxd4 $1 20. Rxd4 a5 21. Rad2 {1/2,Pigusov,E-Ulibin,M/Dubai op/2002/} Rad7 {
[%csl Rb3][%cal Yc5c7,Yb8a6,Ya6c5] /\Qc7,Na6-c5,<=>><b3}) (17. Rd2 Qc5 18. a4
Rd7 19. Rb1 Rc8 (19... Re8 20. e3 d5 $5 $11) 20. e3 Qb4 21. Qd3 h6 $11 {
1/2,Espig,L-Gauglitz,G/Dresden/1985/}) 17... Rd8 18. Qg4 $5 {[%cal Gg4e6,Gd4e6]
Anand tries a interesting novel idea. Contrary to the above examples, White
doesn't play on the <<, but targets e6 and keeps his pieces in the [+] and on
the >>.} g6 19. Rd2 h5 {This "softens" the >>, but otherwise Black would have
to reckon with h4-h5.} ({Black wants to activate his Q via c5, so he spurns} 
19... Rc7 20. Rad1 Rc5 {[%cal Yb6b5] /\b5} 21. a4 Qc7 $14 {/=} (21... Nd7 22.
Qf3 $1 Kg7 23. Nc6 Ne5 24. Nxe5 Bxe5 25. Qb7 $36)) 20. Qe2 Bg7 21. Rad1 Qc5 22.
h4 Rad7 23. Bh3 {[%csl Re6][%cal Rd4e6,Rh3e6] /\Ne6,Be6} Re7 24. Qf3 (24. a4
Qb4 25. Qd3 Bxd4 $5 26. exd4 d5 $11) 24... Ree8 (24... d5 25. cxd5 Qxd5 (25...
exd5 26. Ne2 $16 {[%csl Rd5] ><d5}) 26. Qxd5 Rxd5 27. Bg2 $5 {[%cal Rd4e6] /
\Ne6+/-} (27. Nxe6 fxe6 28. Bxe6+ Rxe6 29. Rxd5 $36)) (24... b5 $142 $5 25. Rc2
bxc4 26. Rxc4 Qa5 $132) 25. Qe4 $1 {[%mdl 576] Provokes the following tactics,
as now Black has no suitable way to prevent a sacrifice on e6.} d5 $5 (25...
Qe5 26. Qxe5 (26. Qb7 Qc5 $11) 26... dxe5 (26... Bxe5 27. Nf3 {[%csl Rd6] ><d6}
) 27. Ne2 $36) (25... b5 $2 26. Nxe6 $1 Qa7 (26... fxe6 27. Qxg6 Qe5 28. Rxd6
$1 $18) 27. Rxd6 Rxd6 28. Rxd6 fxe6 29. Bxe6+ Kh7 30. Bg8+ $1 $18) 26. Nxe6 $1
dxe4 $1 {[%mdl 256] [] Adams keeps his calm and finds the best defence.} (26...
Rxe6 $2 27. Bxe6 dxe4 (27... fxe6 28. Qxe6+ $18 (28. Qxg6 $18)) 28. Rxd8+ Kh7 (
28... Bf8 29. Rxb8 {/\Rdd8+/-}) 29. Rxb8 Qe5 (29... fxe6 30. Rd7 $18) 30. Re8 (
30. Rxb6 $5 Qc7 31. Rxa6 fxe6 32. Rdd6 $16) 30... fxe6 31. Re7 $16) (26... fxe6
27. Qxg6 $40 (27. Bxe6+ $143 Kh7 28. Rxd5 Qc6 $1 29. Rxh5+ Bh6 $14)) 27. Rxd8
Qe7 (27... fxe6 $2 28. Rxe8+ $18) 28. Rxe8+ Qxe8 29. Rd8 Qxd8 30. Nxd8 Bf6 (
30... f5 $2 31. Ne6 $16) 31. Nb7 Be7 $1 $44 {[%csl Rb7,Ge7,Gh3] פb7,/\f5,
Nd7-c5^- Cut off White's N. By preparing its exchange, Black wants to profit
from the strong drawing factor-the ^-.} 32. c5 $5 {Anand wants to prevent the
described idea before Black consolidates his position.} (32. Bc8 Nc6 33. a4 a5
{[%cal Yc6e5,Ye5d3,Yd3c5] /\Ne5-d3-c5}) (32. Bg2 f5 33. f3 exf3 34. Bxf3 Nd7
35. e4 fxe4 36. Bxe4 Nc5 $11) 32... Bxc5 {Adams simplifies the position,
making sure he can hold the minor piece _|_.} ({The text-move seems simpler,
than retaining the B with} 32... bxc5 33. Bf1 (33. Na5 f5 34. f3 exf3 35. Kf2
Kf7 36. Kxf3 Bd6 $132) (33. Bg2 f5 34. f3 exf3 35. Bxf3 Kf7 $11) 33... f5 34.
Bc4+ Kg7 35. Kf1 $14 {[%csl Ra6,Rc5] when Black is tied to the defence of his
ק}) 33. Nxc5 bxc5 34. Bc8 Kg7 35. Bb7 f5 36. f3 (36. Kf1 a5 37. Ke2 Nd7 38. f3
(38. Kd2 Ne5 {[%csl Rf2] ><f2}) 38... exf3+ 39. Bxf3 Ne5 $132 {/=}) 36... exf3
37. Kf2 a5 38. Kxf3 Nd7 39. e4 (39. Kf4 Kf6 40. e4 fxe4 (40... Ne5 41. exf5
gxf5 42. Bf3 $1 Nd3+ (42... Nxf3 $2 43. Kxf3 Ke5 44. Ke3 $18) 43. Ke3 Nc1 44.
Bxh5 Ke5 45. Bd1 $36) 41. Kxe4 (41. Bxe4 Ne5 $11) 41... c4 42. Kd4 cxb3 43.
axb3 g5 $132 {/= In these _|_ it's enough for a draw if Black to give his N
for White's last <<P}) 39... Ne5+ 40. Ke3 (40. Kf4 Nd3+ 41. Ke3 Nc1 $132) 40...
c4 $1 41. exf5 (41. bxc4 Nxc4+ 42. Kd4 Nd6 43. Bc6 Nxe4 $11) (41. Kd4 cxb3 $1
42. axb3 (42. Kxe5 $4 bxa2 $19) 42... Nf3+ (42... Kf6 $5 $11) 43. Ke3 (43. Kc5
$2 fxe4 44. Bxe4 Nd2) 43... fxe4 44. Bxe4 Nh2 $132) 41... cxb3 42. axb3 gxf5
43. Ba6 (43. Kf4 Kf6 44. Bf3 Nxf3 45. Kxf3 Ke5 46. Ke3 Ke6 $11) 43... Ng6 {
[%cal Rf5f4] /\f4=} 44. Be2 Kh6 45. Kd4 (45. Bd3 f4+ 46. gxf4 Nxh4 47. Ke4 Ng6
$11) 45... f4 $11 {Now the draw is completely clear, but in Sofia they always
played it out to the very end.} 46. gxf4 Nxf4 47. Bf3 Ng6 48. Kc5 Nxh4 49. Bxh5
Kxh5 50. Kb5 Nf5 51. Kxa5 Nd4 52. b4 Nc6+ 53. Ka4 Nxb4 54. Kxb4 1/2-1/2

[Event "Leon 18th"]
[Site "Leon"]
[Date "2005.06.12"]
[Round "2.1"]
[White "Kasimdzhanov, Rustam"]
[Black "Anand, Viswanathan"]
[Result "1-0"]
[WhiteElo "2670"]
[BlackElo "2785"]
[Annotator "Mellado,E"]
[PlyCount "125"]
[EventDate "2005.06.10"]
[EventType "k.o. (rapid)"]
[EventRounds "2"]
[EventCountry "ESP"]
[SourceTitle "CBM 108"]
[Source "ChessBase"]
[SourceDate "2005.09.26"]
[SourceVersion "1"]
[SourceVersionDate "2005.09.26"]
[SourceQuality "1"]

{Viswanathan Anand, cuatro veces vencedor en León, campeón mundial de la Fide
en 2000, actual número uno del mundo y uno de los mayores genios que ha dado
el ajedrez se enfrenta hoy, en la gran final de este Magistral 2005, al actual
Campeón del Mundo Fide un auténtico especialista en partidas semirrapidas como
ya ha demostrado en numerosas ocasiones, la última el viernes aquí en León al
eliminar con claridad al español Alexei Shirov. Los enfrentamientos entre
ambos arrojan un aplastante score a favor del indio, nada menos que 6 a 1 en
las siete partidas que estos comentaristas han encontrado en las bases de
datos. Anand es el favorito, pero Kasimdzhanov es un jugador durísimo con el
que en principio tampoco se contaba para ganar el mundial, así que si gana no
sería la primera vez que da la sorpresa.} 1. e4 c5 2. Nf3 d6 3. d4 cxd4 4. Nxd4
Nf6 5. Nc3 a6 6. Be3 {Anand es uno de los mejores especialistas en este
sistema.} e6 7. f3 b5 8. Qd2 Nbd7 9. g4 Nb6 10. a4 Nc4 11. Bxc4 bxc4 12. a5 Bb7
13. Na4 Rc8 ({En una partida reciente de Anand con blancas se jugó} 13... Nd7
14. O-O-O Qc7 15. Ne2 Be7 16. Nb6 Nxb6 17. Bxb6 Qc6 18. Nc3 O-O 19. Rhe1 Rfe8
20. f4 Qc8 21. g5 d5 22. exd5 Bxd5 23. Nxd5 exd5 24. Qxd5 c3 25. b3 Bb4 26. Kb1
Qg4 {y aquí Anand dice en sus análisis que las blancas ganan con la brillante}
27. Bd8 $3) 14. Qc3 Bxe4 $5 $146 {# Espectacular novedad de Anand, que ha
jugado instantaneamente sorprendiendo visiblemente a Kasimdzhanov} (14... Nd7
15. O-O-O Be7 16. h4 Bxh4 17. Ne2 Bf6 18. Bd4 e5 19. Be3 Be7 20. Kb1 Qc7 21.
Nb6 Nxb6 22. axb6 Qd7 23. Rh5 f6 24. Ng3 g6 25. Rh2 O-O 26. Rhd2 {1/2-1/2 Leko,
P-Kasparov,G Linares 2005}) 15. fxe4 Nxe4 16. Qb4 Qh4+ 17. Kd1 Qxg4+ 18. Kc1 e5
{Anand tiene tres peones y una peligrosa iniciativa por la pieza, que además
tiene ya 8 minutos de ventaja Kasimdzhanov:13:17 Anand 21:51 El caballo
centralizado en d4 no tiene casilla de retirada} 19. Nb6 $1 {jugada intermedia
tocando la torre negra y deja la casilla a4 libre para que la dama de un
peligroso jaque.} exd4 $1 {única si} (19... Rc7 20. Qa4+ {ganando}) 20. Rg1 $1
{otra intermedia mejorando las piezas antes de capturar en la torre de c8.} (
20. Nxc8 Qxc8 21. Qa4+ Ke7 (21... Qd7 22. Qxc4) 22. Bxd4 f6 23. Re1 d5 {
y las negras tienen compensación por la calidad}) 20... Qe6 $2 {esta jugada
parece ser un serio error} ({Es mejor como indica Fritz} 20... Qh3 21. Qa4+ Kd8
22. Bxd4) 21. Nxc8 {#} dxe3 $5 {Otra jugada inesperada} ({lo más lógico parecía
} 21... Qxc8 22. Qa4+ Ke7 23. Bxd4 f6 24. Ra3 d5 {con una posición parecida a
la del comentario anterior donde las negras parecen tener compensación por
lacalidad}) {la jugada recomendada por Fritz que concede ahora ventaja a las
blancas} 22. Qb8 f5 {Permitiendo que las blancas den jaque a la descubierta.}
23. Nxd6+ Ke7 ({Fritz da como única respuesta para seguir luchando} 23... Kd7
24. Nxe4 Qxe4 25. Re1 f4 26. Qa7+ Ke8 {con posición complicada}) 24. Qc7+ Kf6
25. Qd8+ Ke5 {Un infrecuente paseo con el rey: esta partida pasará sin duda,
sea cual sea el resultado, a la historia del ajedrez.} 26. Nxe4 Kxe4 27. Ra4 $1
{poniendo en juego la última pieza en juego, además plantea la amenaza Qd3,
según Fritz las blancas tienen la partida ganada.} Qd5 {Anand tiene aún 15
minutos, su rival 1:20} 28. Qe8+ $1 {La mejor continuación} Kf4 29. Rf1+ Kg5
30. Qxe3+ Kg6 31. Qb6+ Kh5 ({No se puede} 31... Bd6 {por} 32. Rd1) 32. Qxa6 c3
33. Qe2+ {A Kasimdzhanov , que tiene la partida ganada, le quedan sólo
segundos en el reloj} Kg6 34. b3 Bc5 35. Rd1 Qc6 36. Qd3 Be7 37. Rc4 Qg2 38.
Qxc3 Qxh2 39. Rc6+ Bf6 40. a6 Ra8 41. Rdd6 Qh4 42. b4 {#} f4 43. Qd3+ Kh6 44.
Qe4 Ra7 45. b5 Qg5 46. Qh1+ Kg6 47. Rd5 Qg4 48. Qe4+ Kh6 49. Qh1+ Kg6 50. Rd1
$1 Qf5 51. Qg1+ Qg5 52. Qxg5+ ({También gana la evidente} 52. Qxa7 f3+ 53. Rd2
Qxb5 54. Qb6 {pero Kasimdzhanov, sin casi tiempo en su reloj, prefiere
asegurar el resultado.}) 52... Kxg5 53. c4 f3 54. Kc2 Be5 55. Rc8 Kg4 56. Re8
Bf4 57. Rg1+ Bg3 58. b6 Rxa6 59. b7 Rb6 60. b8=Q Rxb8 61. Rxb8 f2 62. Rxg3+
Kxg3 63. Rf8 {Y Anand aband ona. Una gran partida de Kasimdzhanov, que ha
jugado de forma casi perfecta para refutar una endiablada novedad teórica de
Anand.} 1-0

[Event "Leon 18th"]
[Site "Leon"]
[Date "2005.06.12"]
[Round "2.2"]
[White "Anand, Viswanathan"]
[Black "Kasimdzhanov, Rustam"]
[Result "1-0"]
[WhiteElo "2785"]
[BlackElo "2670"]
[Annotator "Ftacnik,L"]
[PlyCount "65"]
[EventDate "2005.06.10"]
[EventType "k.o. (rapid)"]
[EventRounds "2"]
[EventCountry "ESP"]
[SourceTitle "CBM 108"]
[Source "ChessBase"]
[SourceDate "2005.09.26"]
[SourceVersion "1"]
[SourceVersionDate "2005.09.26"]
[SourceQuality "1"]

1. e4 c5 2. Nf3 d6 3. d4 cxd4 4. Nxd4 Nf6 5. Nc3 a6 6. Be3 e6 7. f3 b5 8. Qd2
Nbd7 9. g4 h6 10. O-O-O Bb7 11. h4 b4 12. Na4 Qa5 13. b3 Nc5 14. a3 Rc8 15.
Qxb4 Qc7 16. Kb1 Nfd7 17. Nb2 d5 18. Qd2 dxe4 19. f4 Nf6 20. Be2 {In a long
theoretical variation this move begins to be relevant for the outcome of the
fight. In is not clear which of the played continuations is the best.} (20. g5
hxg5 21. fxg5 $13) 20... Nd5 21. Nc4 (21. b4 Nd7 22. c4 Nxe3 23. Qxe3 Be7 24.
g5 hxg5 25. hxg5 Rxh1 26. Rxh1 g6 27. c5 Nxc5 28. Rh8+ Bf8 29. bxc5 Qxc5 30.
Bc4 Rd8 31. Nc2 Qxe3 32. Nxe3 Ke7 {1/2-1/2 Garbisu de Goni,U-Ubilava,E/
Mondariz Balneario 2002/ (43)}) 21... Nd7 (21... Rd8) (21... Be7 $5) 22. g5 $1
{Anand has to advance his pawns in order to benefit from the black's king
location at the center of the board.} Nxe3 23. Qxe3 Bd5 24. Rhf1 (24. g6 $1 Bc5
$1 (24... f5 $2 25. Nxf5 Bxc4 26. Qxe4 $1 Qc6 27. Qxc4 Qxc4 28. Bxc4 exf5 29.
Bf7+ Kd8 30. Be6 Rc7 31. Rd5 $18) (24... fxg6 $2 25. Qg3 $18) 25. gxf7+ Kxf7
26. f5 $1 (26. Rhg1 Kg8 27. Qg3 Nf8 28. b4 $16) 26... exf5 27. Qh3 $1 Nf6 (
27... f4 $2 28. Qf5+ Nf6 29. Ne5+ Kg8 30. Ne6 Qb7 31. Ng4 $18) 28. Qxf5 $16)
24... Bc5 25. Qc3 hxg5 26. Nf5 $5 {[%mdl 128] Heavy blow, that comes at the
difficult moment for black. The defenders pieces are still not properly
coordinated.} Bxc4 (26... gxf4 27. Nxg7+ (27. Qxg7 Rf8 28. Qg5 f6 $11) 27...
Ke7 28. Nf5+ $1 (28. Rxd5 exd5 29. Nf5+ Ke6 30. Ng7+ Ke7 31. Nf5+) 28... exf5
29. Rxd5 Rxh4 (29... f6 30. Qh3 $1 Nb6 31. Rxf5 $18) 30. Qg7 $40) (26... exf5
27. Rxd5 f6 28. hxg5 Nb6 29. Rxf5 $16) 27. Nxg7+ Ke7 28. Bxc4 Rhg8 (28... gxh4
29. Nxe6 $1 Qc6 30. Ng5 $18) 29. hxg5 e3 (29... Bxa3 30. f5 Ne5 31. fxe6 $18)
30. f5 $1 {Anand has clearly achieved everything he could have dreamed about.}
Ne5 (30... e5 31. Ne6 $1 Qa7 (31... fxe6 32. fxe6 $18) 32. f6+ Ke8 33. Nxc5
Rxc5 34. Bxf7+ Kxf7 35. Rxd7+ Qxd7 36. Qxc5 $18) 31. fxe6 Rxg7 32. Rd7+ $1 Nxd7
33. Qxg7 1-0

[Event "Leon 18th"]
[Site "Leon"]
[Date "2005.06.12"]
[Round "2.3"]
[White "Kasimdzhanov, Rustam"]
[Black "Anand, Viswanathan"]
[Result "1/2-1/2"]
[WhiteElo "2670"]
[BlackElo "2785"]
[Annotator "Mellado,E"]
[PlyCount "135"]
[EventDate "2005.06.10"]
[EventType "k.o. (rapid)"]
[EventRounds "2"]
[EventCountry "ESP"]
[SourceTitle "CBM 108"]
[Source "ChessBase"]
[SourceDate "2005.09.26"]
[SourceVersion "1"]
[SourceVersionDate "2005.09.26"]
[SourceQuality "1"]

1. e4 c5 2. Nf3 e6 3. d4 cxd4 4. Nxd4 Nc6 5. Nc3 a6 {Anand elige una de sus
sicilianas favoritas, la Paulsen} 6. Be2 Qc7 7. O-O Nf6 8. Be3 Bb4 9. Na4 {
Una de las variantes principales de este sistema} Bd6 ({una variante discutida
muchas veces es} 9... Be7 10. c4 Nxe4 11. c5 O-O 12. Rc1 f5 13. f4 Rb8 14. Bf3
Bf6 15. Bxe4 fxe4 16. Nxc6 bxc6 17. Rc4 Rd8 18. Rxe4 d5 19. cxd6 Rxd6 20. Qe2
Bd7 21. b4 a5 22. a3 axb4 23. axb4 Be8 24. Bc5 Rd5 25. Rxe6 Bf7 26. Rxf6 gxf6
27. Nc3 Rxc5 28. bxc5 f5 29. Rf3 Re8 30. Re3 Ra8 31. Qf3 Ra5 32. Qg3+ Kf8 33.
Qh4 Rxc5 34. Qxh7 Qd6 35. Qh8+ Bg8 36. Rg3 Qe6 37. Qg7+ {1-0 Shirov,
A-Miladinovic,I Beograd 1995 A pesar de ganar esta partida Shirov nos comenta
que no considera suficiente el juego del blanco para obtener ventaja.}) 10. g3
Be7 11. c4 {# Un sacrificio temático, las blancas dan el peón de e4 a cambio
de colapsar durante bastantes jugadas el desarrollo del flanco de dama de las
negras.} Nxe4 12. Bf3 (12. c5 {colocando inmediatamente la cuña es la
alternativa. Según Shirov esto es más preciso puesto que todavía no es seguro
que el alfil tenga que ir a la casilla f3.}) 12... Nf6 13. c5 {Alexei Shirov
considera que esta posición la jugada g3 es muy útil para el blanco, por
ejemplo sirve para un eventual Bf4, y es un importante tiempo de más para las
blancas con respecto a su partida conMiladinovic} O-O 14. Rc1 Ne5 {Novedad, se
había jugado} (14... g6 15. Re1 e5 16. Nb3 d6 17. cxd6 Bxd6 18. Na5 e4 19. Bb6
Qd7 20. Nxc6 exf3 21. Qxf3 Ng4 22. h3 bxc6 23. hxg4 Qxg4 24. Qxc6 Qd7 25. Qxd7
{1/2-1/2 Gallagher,J-Barlov,D Lenk 1989}) 15. Bg2 {Kasimdzhanov 9:06 Anand:15:
26} d6 (15... d5 $2 16. Bf4 {con ventaja blanca. Fritz propone aquí la
desesperada} g5 {sintoma de que las cosas no andan bien para el negro.}) 16.
Nb6 Rb8 17. cxd6 ({Es muy interesante} 17. Bf4 dxc5 ({Una defensa puede ser} 
17... Qd8 18. Nb3 Nd5 19. Bxd5 exd5 20. Nxd5 Bg4 21. Nxe7+ Qxe7 22. cxd6 Qe6 {
Aunque la posición parece también favorecer claramente a las blancas}) 18. Nc4
Nfd7 19. Re1 Bf6 20. Nb3 g5 (20... b6 21. Qe2) 21. Bxe5 Bxe5 22. Nxe5 Nxe5 23.
Rxc5 Nc6 24. Rxg5+ {con posición aplastante}) 17... Qxd6 18. Nb3 Nd5 19. Nxd5 (
19. Bxd5 exd5 20. Bc5 Qd8 21. Bxe7 Qxe7 22. Nxd5 Qd8 {y las negras parecen
estar bien}) 19... exd5 20. Ba7 Ra8 21. Bc5 Qf6 22. Bxe7 Qxe7 23. Qxd5 (23. Re1
) 23... Qf6 24. Nc5 Nc6 25. Rc3 Rd8 26. Ne4 {Anand tiene casi 5 minutos más
que su rival. Kasimdzhanov: 3:20 Anand: 8:57} ({Fritz prefiere} 26. Qh5) 26...
Qxc3 27. Nxc3 Rxd5 28. Bxd5 Bd7 29. Ne4 (29. Rd1 Be8 30. Ne4) 29... Rd8 30. Ng5
Be8 $2 {esta jugada cuesta un peón limpio} ({una defensa más interesante es} 
30... Ne5 31. Re1 (31. Bxb7 h6 32. Nf3 Nxf3+ 33. Bxf3 Be6 34. b3 Rd2 {con
contrajuego}) 31... Bc6 32. Bb3 Nf3+ 33. Nxf3 Bxf3) 31. Re1 Kf8 32. Nxh7+ Kg8
33. Ng5 Kf8 34. Bf3 Nb4 35. a3 (35. Bxb7 Rb8 36. Be4 Nxa2 37. Re2 {puede ser
más simple}) 35... Nc2 36. Rd1 {con 14 segundos en el reloj} Nd4 37. Bg4 Bc6
38. h4 Rd5 39. Re1 f6 40. Nf3 Bd7 {# Una jugada inesperada en apuro de tiempo
del rival, Anand quiere quedarse con el alfil contra el caballo} 41. Nxd4 Bxg4
42. Re4 Bd7 43. f3 Kf7 44. Kf2 f5 $6 {Una jugada criticada en la cabina de
comentaristas, las casillas del flanco de rey se debilitan y empeora la
calidad del alfil.} 45. Rf4 Kf6 46. Ke3 Ke5 47. Ne2 Bc6 48. Rd4 Rb5 49. b4 Kf6
50. Rd6+ Ke7 51. Rd2 {dejando la casilla d4 para el caballo} Kf6 52. Kf4 Rb6 ({
Shirov indica que no vale} 52... a5 53. Nc3 Re5 54. b5 Bxb5 55. Nd5+ Ke6 56.
Nc7+ {ganando}) 53. Rd6+ $6 {iniciando una maniobra dudosa} ({Shirov considera
que después de} 53. Nc3 {las blancas deben ganar}) 53... Ke7 54. Rg6 Kf7 55. h5
a5 56. bxa5 Rb3 57. Nd4 Rxa3 58. Nxf5 Rxf3+ 59. Kg5 Kf8 60. g4 Be4 61. Nd4 (61.
Rd6 Bxf5 62. gxf5 Rg3+ 63. Kf4 Ra3) 61... Ra3 $1 {# Anand se salva ahora in
extremis} 62. Re6 Rxa5+ 63. Kf4 Bc6 64. Nxc6 bxc6 65. Rxc6 Ra8 66. Kf5 Kg8 67.
Kg6 Rb8 68. Rc7 {Y tablas Kasimdzanov ha dejado escapar una magnifica
oportunidad de ponerse con ventaja en el match.} 1/2-1/2